| 000 | 00304nam a2200145 i 4500 | ||
|---|---|---|---|
| 001 | bg | ||
| 100 | 1 | _aLANG, S. | |
| 245 | 0 |
_aAlgebra / _cS. Lang. |
|
| 250 | _aWyd.2 popr. | ||
| 260 |
_aWarszawa, _c1984. |
||
| 040 | _cBPK | ||
| 041 | _apol | ||
| 942 | _cKS | ||
| 008 | s pl f |000 0 pol | ||
| 999 |
_c22330 _d22330 |
||
| 856 |
_uhttp://koha.tu.koszalin.pl/cgi-bin/koha/opac-detail.pl?biblionumber=22330 _yKatalog online BPK |
||